| 000 | 01388cam a2200253 4500 | ||
|---|---|---|---|
| 001 | 6366 | ||
| 010 | _a 2015010773 | ||
| 020 | _a9780770436438 (hardcover) | ||
| 100 | 1 |
_aMarra, Anthony. _e |
|
| 245 | 1 | 4 |
_aThe tsar of love and techno : _bstories / _cAnthony Marra. |
| 250 | _aFirst edition. | ||
| 264 | 1 |
_aLondon ; _aNew York : _bHogarth, _c[2015] |
|
| 300 |
_a332 pages ; _c22 cm |
||
| 336 |
_atext _2rdacontent |
||
| 337 |
_aunmediated _2rdamedia |
||
| 338 |
_avolume _2rdacarrier |
||
| 505 |
_aSide A. The leopard : Leningrad, 1937 -- Granddaughters : Kirovsk, 1937-2013 -- The Grozny tourist bureau : Grozny, 2003 -- A prisoner of the Caucasus : Chechen Highlands, 2000 -- Intermission. The tsar of love and techno : St. Petersburg, 2010, Kirovsk, 1990s -- Side B. Wolf of White Forest : Kirovsk, 1999 -- Palace of the People : St. Petersburg, 2001 -- A temporary exhibition : St. Petersburg, 2011-2013 -- The end : outer space, year unknown. _g _r _t |
||
| 520 | _aA collection of interwoven tales explores themes of family, sacrifice, war, and the redemptive power of art. | ||
| 650 |
_aArt, Russian -- Fiction. _v _x _y _z _2 |
||
| 650 |
_aCensorship -- Soviet Union -- Fiction. _v _x _y _z _2 |
||
| 650 |
_aRussia (Federation) -- Social conditions -- Fiction. _v _x _y _z _2 |
||
| 650 |
_aShort stories. _v _x _y _z _2 |
||
| 650 |
_aSoviet Union -- Social conditions -- Fiction. _v _x _y _z _2 |
||
| 999 |
_c5366 _d5366 |
||